El trabajo legislativo en materia rural Saldos de la LX Legislatura /

Bibliographic Details
Main Author: Lira Lp̤ez, Veronica
Format: eBook
Language:Spanish
Published: Ciudad de Mx̌ico: Cm̀ara de Diputados, 2009
Subjects:
Online Access:Acceso restringido

MARC

LEADER 00000nam a22000007a 4500
005 20180331201428.0
007 cr|||| ||||
008 180331s2009 mx |||||s||||f00||0 spa d
035 |a 21240 
040 |a vLex 
090 |c 7609  |d 7609 
100 1 |a Lira Lp̤ez, Veronica 
245 1 2 |a El trabajo legislativo en materia rural  |h [Recurso electrn̤ico] :  |b Saldos de la LX Legislatura /  |c Veronica Lira Lp̤ez 
256 |a Servicio en ln̕ea 
260 |a Ciudad de Mx̌ico:  |b Cm̀ara de Diputados,  |c 2009 
300 |a 1 recurso electrn̤ico 
506 1 |a Disponible solo en los productos indicados  |d vLex Global  |d vLex Global (Academic Edition, excluding Law Schools)  |d vLex Global (U.S. Academic Edition, Law Schools)  |d vLex Global (U.S. Academic Edition, excluding Law Schools)  |d vLex Global (Academic Edition, Law Schools) 
650 0 4 |a Derecho Pb︢lico y Administrativo  |z Mx̌ico 
740 0 |a vLex Libros (Servicio en ln̕ea) 
856 4 0 |u http://vlex.com/source/trabajo-legislativo-materia-rural-saldos-lx-legislatura-21240  |z Acceso restringido 
942 |c BOOK 
999 0 |a Public and Administrative Law